000 00417nam a2200133Ia 4500
008 151001s9999||||xx |||||||||||||| ||und||
100 _aगौरीलाल साह ठूलघरीया
245 _aसाह वंश का इतिहास
250 _a1
260 _bराजेंद्रलाल साह प्रकाशन
260 _c2009
300 _a158
365 _b21
999 _c995647
_d995644